Buyer behaviour (Record no. 77969)

MARC details
000 -LEADER
fixed length control field 00808nam a2200169 a 4500
008 - FIXED-LENGTH DATA ELEMENTS--GENERAL INFORMATION
fixed length control field 120416s1984 ||||||||||||||||| || u
050 ## - LIBRARY OF CONGRESS CALL NUMBER
Classification number HF 5415.3 Hor
100 ## - MAIN ENTRY--PERSONAL NAME
Personal name Horton, Raymond L
245 10 - TITLE STATEMENT
Title Buyer behaviour
246 ## -
-- a decision making approach
260 ## - PUBLICATION, DISTRIBUTION, ETC.
Place of publication, distribution, etc. Columbus
Name of publisher, distributor, etc. Merrill
Date of publication, distribution, etc. 1984
300 ## - PHYSICAL DESCRIPTION
Extent x, 517p. : ill.
350 ## -
-- 0.00
995 ## -
-- BINDERY (DAMAGED)
-- 0.00
-- 709235
-- CBU-MAIN LIBRARY (Kitwe)
-- 3
-- 32.45
-- HF 5415.3 Hor
-- 3
-- DAMAGED
-- 709235
-- Main Library Open Access Collection
995 ## -
-- BINDERY (DAMAGED)
-- 0.00
-- 724829
-- CBU-MAIN LIBRARY (Kitwe)
-- 1
-- 32.45
-- HF 5415.3 Hor
-- 1
-- DAMAGED
-- 005708
-- Main Library Open Access Collection
995 ## -
-- BINDERY (DAMAGED)
-- 0.00
-- 709234
-- CBU-MAIN LIBRARY (Kitwe)
-- 2
-- 32.45
-- HF 5415.3 Hor
-- 2
-- DAMAGED
-- 709234
-- Main Library Open Access Collection
999 ## -
-- 77969
-- 77969
Holdings
Withdrawn status Lost status Source of classification or shelving scheme Damaged status Not for loan Permanent Location Current Location Shelving location Date acquired Total Checkouts Full call number Barcode Date last seen Copy number Price effective from Koha item type
          CBU-MAIN LIBRARY, KITWE. CBU-MAIN LIBRARY, KITWE.   05/03/2023   HF 5415.3 Hor 709235 05/03/2023 1 05/03/2023 MONOGRAPH
          CBU-MAIN LIBRARY, KITWE. CBU-MAIN LIBRARY, KITWE.   05/03/2023   HF 5415.3 Hor 005708 05/03/2023 2 05/03/2023 MONOGRAPH
          CBU-MAIN LIBRARY, KITWE. CBU-MAIN LIBRARY, KITWE.   05/03/2023   HF 5415.3 Hor 709234 05/03/2023 3 05/03/2023 MONOGRAPH